Kruh

Bibliographic Details
Format: Serial
Language:Slovak
PhysicalDescription:zv. cm
Published: Bratislava Videopress MON
Subjects:

MARC

LEADER 00000cas a22000004a 4500
001 vtls001443480
003 SK-MaSNL
005 20260228160644.0
008 021105d19uu19uuxo u 0 0 0slo
035 |a SNK000398705 
040 |a SNK  |b slo  |c SNK  |e AACR2 
041 0 |a slo 
044 |a xo  |c SK 
080 |a (051)  |2 2011 
245 0 0 |a Kruh 
260 |a Bratislava  |b Videopress MON 
300 |a zv.  |c cm 
655 7 |a časopisy  |2 SNKPH  |9 76610 
910 |a snk 
999 |c 3218  |d 5148 
952 |0 0  |1 0  |4 0  |7 0  |a SNK  |b SNK  |d 2002-11-05  |l 0  |o snkČSD 2153/1986 D1  |p 17A0362768  |r 2005-01-02 00:00:00  |w 2026-02-21  |y PREZ